Functional classification for analysis of the structure of dung beetle assemblages (Registro nro. 13225)

Detalles MARC
000 -CABECERA
Campo de control 003830000a22001210004500
090 ## - CLASIFICACIÓN LOCAL
Colección AR
Consecutivo 04127
041 0# - IDIOMA
Código de idioma para texto/pista de sonido o título separado
100 1# - ASIENTO PRINCIPAL--NOMBRE PERSONAL
Nombre personal Doube, Bernard M.
245 10 - MENCION DE TITULO
Título Functional classification for analysis of the structure of dung beetle assemblages
500 ## - NOTA GENERAL
Nota general <Literatura de escarabajos coprófagos>
773 1# - Item fuente:
Título Ecological Entomology
Descripción física 15
Paginas del Articulo 371-383
Lugar, editorial y fecha de publicación 1990
942 ## - ELEMENTOS ADICIONALES (KOHA)
Tipo de ítem Artículo
Existencias
Withdrawn status Lost status Damaged status No para préstamo Colección Ubicación Permanente Ubicación actual Fecha de adquisición Fuente de Valor Datos de publicación Seriada Total Checkouts Número topográfico Inventario / Código de Barras Date last seen Ejemplar Price effective from Forma de adquisición Tipo de material
      No para Préstamo Hemeroteca Bogotá Bogotá 25/10/2006 Trujillo, Diego Fuera de circulación   AR 04127 023530 25/03/2015 1 25/03/2015   Artículo